Five-dimensional physics (Record no. 120131)
[ view plain ]
| 000 -LEADER | |
|---|---|
| fixed length control field | 01235nam a2200313Ia 4500 |
| 100 1# - MAIN ENTRY--AUTHOR NAME | |
| Personal name | Wesson, Paul S. |
| 245 10 - TITLE STATEMENT | |
| Title | Five-dimensional physics |
| 260 ## - PUBLICATION, DISTRIBUTION, ETC. (IMPRINT) | |
| Place of publication | Hackensack, N.J. : |
| Name of publisher | World Scientific, |
| Year of publication | c2006. |
| 300 ## - PHYSICAL DESCRIPTION | |
| Number of Pages | x, 222 p. : |
| Other physical details | ill. |
| 650 #0 - SUBJECT ADDED ENTRY--TOPICAL TERM | |
| Topical Term | Embeddings (Mathematics) |
| Topical Term | Kaluza-Klein theories. |
| Topical Term | Mathematical physics. |
| Topical Term | Quantum field theory. |
| 856 40 - ELECTRONIC LOCATION AND ACCESS | |
| Uniform Resource Identifier | http://site.ebrary.com/lib/rucke/Doc?id=10201422 |
No items available.
